000
00315 a2200157 4500
001
176020
020
_a
040
_c
Magnum
100
_a
Feijo, Martin Cezar
240
1
0
_a
Roma antiga
_l
por
245
1
0
_a
Roma antiga
362
0
_a
1899
440
1
_a
Ática
697
_a
MAGNITO: PARADIDATICO
942
_c
BK
999
_c
176020
_d
176020